Statistics for Roman Emperors (27 BC - 235 AD)

Click here to take the quiz!

General Stats

  • This quiz has been taken 1,712 times
    (997 since last reset)
  • The average score is 14 of 27

Answer Stats

HintAnswer% Correct
27 BC - 14 ADAugustus
98%
54 - 68Nero
98%
37 - 41Caligula
90%
14 - 37Tiberius
85%
41 - 54Claudius
84%
117 - 138Hadrian
83%
98 - 117Trajan
77%
161 - 180 (co-emperor)Marcus Aurelius
75%
69 - 79Vespasian
65%
79 - 81Titus
62%
177 - 192 (joint emperor)Commodus
59%
81 - 96Domitian
54%
68 - 69Galba
51%
69Otho
50%
96 - 98Nerva
48%
69Vitellius
43%
138 - 161Antoninus Pius
42%
198 - 217 (co-emperor)Caracalla
42%
193 - 211 (co-emperor)Septimius Severus
39%
161 - 169 (co-emperor)Lucius Verus
32%
193Pertinax
27%
218 - 222Elagabalus
27%
209 - 211 (co-emperor)Geta
25%
193Didius Julianus
19%
222 - 235Severus Alexander
19%
217 - 218 (co-emperor)Macrinus
18%
217 - 218 (co-emperor)Diadumenian
7%

Score Distribution

Percentile by Number Answered

Percent of People with Each Score

Your Score History

You have not taken this quiz since the last reset